Statistics for Guess the 20 missing countries

Click here to take the quiz!

General Stats

  • This quiz has been taken 522 times
  • The average score is 12 of 15

Answers on the Map

Answers color-coded by a green-red scale on the quiz's map according to % correct below.
 

Answer Stats

Answer% Correct
Chile
89%
Canada
88%
New Zealand
86%
Portugal
86%
Zimbabwe
86%
Bangladesh
85%
Egypt
85%
Japan
85%
Sri Lanka
85%
Hungary
81%
Albania
79%
Cyprus
79%
Haiti
78%
Lebanon
73%
Jamaica
72%

Score Distribution

Percentile by Number Answered

Percent of People with Each Score

Your Score History

You have not taken this quiz